Countries by Largest Land Area and Exclusive Economic Zone - Statistics

General Stats
  • This quiz has been taken 1,570 times
    762 since last reset
  • The average score is 16 of 20
Answer Stats
Land area (sq. km) EEZ (sq. km) Total (sq. km) Country % Correct
9,526,468 11,351,000 20,877,468 United States
100%
17,098,242 7,566,673 24,664,915 Russia
99%
9,984,670 5,599,077 15,583,747 Canada
98%
9,640,821 877,019 10,517,840 China
97%
7,692,024 8,505,348 16,197,372 Australia
96%
8,514,877 3,830,955 12,345,832 Brazil
96%
3,287,590 2,305,143 5,592,733 India
94%
260,665 6,805,586 7,066,251 United Kingdom
92%
643,801 11,692,000 12,535,801 France
91%
2,780,400 1,159,063 3,939,463 Argentina
90%
1,904,569 6,159,032 8,063,601 Indonesia
90%
377,975 4,479,388 4,857,363 Japan
88%
1,964,375 3,269,386 5,233,761 Mexico
88%
756,102 3,681,989 4,438,091 Chile
81%
270,975 4,083,744 4,354,719 New Zealand
73%
386,273 2,385,178 2,771,451 Norway
70%
2,220,093 2,551,238 4,771,331 Denmark
57%
811 3,441,810 3,442,621 Kiribati
51%
702 2,996,419 2,997,121 Federated States of Micronesia
50%
462,840 2,402,288 2,865,128 Papua New Guinea
45%
No matching quizzes found
Score Distribution
Percent of People with Each Score
Percentile by Number Answered
Your Score History
You have not taken this quiz since the last reset